| 000 | 01705cam a2200409 i 4500 | ||
|---|---|---|---|
| 999 |
_c19432 _d19432 |
||
| 001 | vtls000615959 | ||
| 003 | NUKAT | ||
| 005 | 20220321112724.0 | ||
| 008 | 060109s2005 pl f u |000 0 pol c | ||
| 020 | _a8324387188 | ||
| 035 | _azz2006760701 | ||
| 039 | 9 |
_a201606101118 _bpl _c201311060116 _dVLOAD _c201311050140 _dVLOAD _c200907201236 _dark |
|
| 040 |
_aKIEL 008/BD _cKIEL 008/BD _dKIEL 008/TU _dŁ 30/MLs |
||
| 041 | 1 |
_apol _heng |
|
| 245 | 0 | 0 |
_aOgólne wymagania dotyczące kompetencji laboratoriów badawczych i wzorcujących PN-EN ISO/IEC 17025:2005P / _cPolski Komitet Normalizacyjny. |
| 246 | 3 | 0 | _aPN-EN ISO/IEC 17025:2005 |
| 246 | 1 | 3 | _aGeneral requirements for the competence of testing and calibration laboratories (ISO/IEC 17025:2005) |
| 260 |
_aWarszawa : _bPolski Komitet Normalizacyjny, _c2005. |
||
| 300 |
_a67 s. ; _c30 cm. |
||
| 500 | _aICS 03.120.20. | ||
| 504 | _aBibliogr. s. 64-67. | ||
| 590 | _aWprowadza EN ISO/IEC 17025:2005, IDT, ISO/IEC 17025:2005, IDT; Zastępuje PN-EN ISO/IEC 17025:2005 (U); Zatwierdzona 29 listopada 2005 r. | ||
| 590 | _aStatus: wycofana ; Zastąpiona przez PN-EN ISO/IEC 17025:2018-02 wersja angielska, PN-EN ISO/IEC 17025:2018-02 wersja polska. | ||
| 951 | _aKIEL_008 | ||
| 710 | 1 |
_aPolska. _bPolski Komitet Normalizacyjny. _91107 |
|
| 710 | 1 |
_aPolska. _bPolski Komitet Normalizacyjny. _bWydział Wydawnictw Normalizacyjnych. _4pbl _91108 |
|
| 942 |
_2ddc _cBK |
||
| 967 | _aLUBL_U | ||